[Event "GER-ch Net qual4 U25"]
[Site "Playchess.com INT"]
[Date "2009.06.17"]
[Round "7"]
[White "Steingraeber, Kai Uwe"]
[Black "Perschk, Katrin"]
[Result "1-0"]
[WhiteElo "1770"]
[BlackElo "1432"]
[PlyCount "59"]
[EventDate "2009.06.17"]
[EventType "swiss (blitz)"]
[EventRounds "7"]
[EventCountry "GER"]
[SourceTitle "CBM 130 Extra"]
[Source "ChessBase"]
[SourceDate "2009.07.02"]
[SourceVersion "2"]
[SourceVersionDate "2009.07.15"]
[SourceQuality "1"]

1. e4 e5 2. Nf3 Nc6 3. Bc4 Nf6 4. d3 Bc5 5. 0-0 0-0 6. c3 d6 7. Bg5 Bg4 8. Nbd2 Bxf3 9. Nxf3 Qe7 10. Re1 Rad8 11. d4 a6 12. dxc5 dxc5 13. Qc2 b5 14. Bd5 Qd6 15. Bxc6 Qxc6 16. Nxe5 Qe6 17. Nf3 Rde8 18. Bxf6 Qxf6 19. Qd3 Re6 20. Qd5 Qf4 21. Qxc5 Rh6 22. Qf5 Qxh2+ 23. Nxh2 g6 24. Qf4 Rh5 25. Qxc7 Kg7 26. e5 Kh6 27. Ng4+ Kg5 28. f3 Kh4 29. Qe7+ Kg3 30. Qxf8 1-0